000
00261nam a2200109Ia 4500
008
231212s1980 xx 000 0 und d
041
_a
eng
082
_a
621.31042
100
_a
Brazam A.
245
_a
Automation in Electrical
260
_a
Mascow
_b
Mir Pub
_c
1980
999
_c
958488
_d
958488